Takmer čisté svedomie Jozef Pollák je trinástym orientátorom na svete, a dosť šťastným.....

Bibliographic Details
Main Author: Pollák, Jozef (Author)
Corporate Author: Slávia TU (Košice, Slovensko) (Author)
Format: Article
Language:Slovak
Subjects:

MARC

LEADER 00000nab a2200000 a 4500
001 vtls000917569
003 SK-MaSNL
005 20260303034109.0
008 040720e19921020xo 0 slo
035 |a KE26447 
040 |a KEVKJB  |b slo  |c KEVKJB  |e AACR2 
041 0 |a slo 
044 |a xo  |c SK 
080 |a 796.422  |2 1981 
100 1 |a Pollák, Jozef  |4 aut  |9 669505 
245 1 0 |a Takmer čisté svedomie  |b Jozef Pollák je trinástym orientátorom na svete, a dosť šťastným..... 
590 |a Polák, Jozef  |b orientačně bežec 
600 1 7 |a Polák, Jozef  |2 KEVKJB  |9 5141 
610 2 7 |a Slávia TU (Košice, Slovensko)  |2 KEVKJB  |9 873308 
650 0 7 |a beh  |2 KEVKJB  |9 3281 
650 0 7 |a pôsobenie  |2 KEVKJB  |9 877655 
650 0 7 |a činnosť športová  |2 KEVKJB  |9 873777 
650 0 7 |a rozhovory  |2 KEVKJB  |9 453585 
651 7 |a KE,  |2 KEVKJB  |9 877256 
655 7 |a periodikum  |2 snkbucl  |9 29553 
710 2 |a Slávia TU (Košice, Slovensko)  |4 aut  |9 873308 
773 0 8 |t Lúč  |g Roč. 1, č.20, 20.10.1992, s. 8 
852 |a ZVYKNI  |b KIS3GCP 
999 |c 1672349  |d 1674279